00933 2200193 4500001002100000005001500021035002000036008004100056245002600097100001200123250000600135260004800141300001200189084001400201082000800215650001000223520049400233990001200727INLIS00000000000103620240527110915 a0010-0524000271240527 1 ind 1 aMagic Hour /cTisa TS aTisa TS a1 aJakarta :bPT. Sembilan Cahaya Abadi,c2015 a230 hlm a813 TIS m a813 4aFiksi aSedalam itu persahabatan antara Raina dan Gwenny, yang bermula dari diangkatnya Raina menjadi anak Tante Flora, Ibu Gwenny. Sepuluh tahun, Gwenny menjadi bagian hidup Raina, belahan jiwanya, hingga muncul Dimas dalam hidupnya. Dimas yang seharusnya dijodohkan dengan Gwenny, malah berbalik mencintai Raina. Celakanya, sedalam itu Dimas mencintai Raina. Raina pun merasakan hal yang sama. Sementara Toby, sahabat Raina dari kecil, juga memendam cinta yang sama pada gadis pecinta hujan itu. a0744014